书目信息 |
| 题名: |
公司理财
|
|
| 作者: | 罗斯 , 韦斯特菲尔德 , 乔丹 著 ;谭跃 , 周卉 , 丰丹 译注 | |
| 分册: | ||
| 出版信息: | 北京 机械工业出版社 2014 |
|
| 页数: | 28,743页 | |
| 开本: | 28cm | |
| 丛书名: | ||
| 单 册: | ||
| 中图分类: | F276.6 | |
| 科图分类: | ||
| 主题词: | 公司--财务管理--高等学校--教材--英文 , 公司 , 财务管理 | |
| 电子资源: | ||
| ISBN: | 978-7-111-44907-2 | |
| 000 | 01844nam0 2200373 450 | |
| 001 | 523 | |
| 005 | 20140909092648.98 | |
| 010 | @a978-7-111-44907-2@dCNY99.00 | |
| 100 | @a20140425d2014 em y0chiy50 ea | |
| 101 | 0 | @aeng@echi@gchi |
| 102 | @aCN@b110000 | |
| 105 | @ay z 000yy | |
| 106 | @ar | |
| 200 | 1 | @a公司理财@AGong Si Li Cai@dFundamentals of corporate finance@e精要版@EJing Yao Ban@e英文版@EYing Wen Ban@f(美)斯蒂芬 A. 罗斯(Stephen A. Ross),(美)伦道夫 W. 威斯特菲尔德(Randolph W. Westerfield),(美)布拉德福德 D. 乔丹(Bradford D. Jordan)著@F( Mei ) Si Di Fen A. Luo Si (Stephen A. Ross),( Mei ) Lun Dao Fu W. Wei Si Te Fei Er De (Randolph W. Westerfield),( Mei ) Bu La De Fu De D. Qiao Dan (Bradford D. Jordan) Zhu@g谭跃,周卉,丰丹译注@zeng |
| 210 | @a北京@c机械工业出版社@d2014 | |
| 215 | @a28,743页@d28cm | |
| 300 | @a高等学校经济管理英文版教材·经济系列 | |
| 305 | @a据原书第10版出版 | |
| 306 | @a由机械工业出版社和麦格劳-希尔(亚洲)教育出版公司合作出版 | |
| 306 | @a本书限中国大陆发行 | |
| 330 | @a本书围绕以NPV分析为主干的价值评估这条主线,紧密结合理财实践的需要,精选了公司理财的基本概念与观念、财务报表与长期财务计划、未来现金流量估价、资本预算、风险与报酬、资本成本与长期财务政策、短期财务计划与管理、国际公司理财等方面的核心内容。 | |
| 510 | 1 | @aFundamentals of corporate finance@zeng |
| 606 | 0 | @a公司@x财务管理@x高等学校@j教材@j英文 |
| 606 | 0 | @a公司 |
| 606 | 0 | @a财务管理 |
| 690 | @aF276.6@v5 | |
| 701 | 0 | @c(美)@a罗斯@ALuo Si@c(Ross, Stephen A.)@4著 |
| 701 | 0 | @c(美)@a韦斯特菲尔德@AWei Si Te Fei Er De@c(Westerfield, Randolph W.)@4著 |
| 701 | 0 | @c(美)@a乔丹@AQiao Dan@c(Jordan, Bradford D.)@4著 |
| 702 | 0 | @a谭跃@ATan Yue@4译注 |
| 702 | 0 | @a周卉@AZhou Hui@4译注 |
| 702 | 0 | @a丰丹@AFeng Dan@4译注 |
| 801 | 0 | @aCN@bTANGWEI@c20140603 |
| 905 | @b0841523-25@dF276.6@e1112@f3 | |
| 公司理财=Fundamentals of corporate finance:精要版:英文版/(美)斯蒂芬 A. 罗斯(Stephen A. Ross),(美)伦道夫 W. 威斯特菲尔德(Randolph W. Westerfield),(美)布拉德福德 D. 乔丹(Bradford D. Jordan)著/谭跃,周卉,丰丹译注.-北京:机械工业出版社,2014 |
| 28,743页;28cm |
| 高等学校经济管理英文版教材·经济系列 |
| ISBN 978-7-111-44907-2:CNY99.00 |
| 本书围绕以NPV分析为主干的价值评估这条主线,紧密结合理财实践的需要,精选了公司理财的基本概念与观念、财务报表与长期财务计划、未来现金流量估价、资本预算、风险与报酬、资本成本与长期财务政策、短期财务计划与管理、国际公司理财等方面的核心内容。 |
| ● |
| 相关链接 |
|
|
|
|
正题名:公司理财
索取号:F276.6/1112
 
预约/预借
| 序号 | 登录号 | 条形码 | 馆藏地/架位号 | 状态 | 备注 |
| 1 | 0841523 | 208415231 | 第一样本阅览室/ [索取号:F276.6/1112] | 在馆 | |
| 2 | 0841524 | 208415240 | 密集书库-海洋学院/ [索取号:F276.6/1112] | 在馆 | |
| 3 | 0841525 | 208415259 | 第一借阅区/ [索取号:F276.6/1112] | 在馆 |